| 000 | 00396nam a2200169Ia 4500 | ||
|---|---|---|---|
| 008 | 230524s9999 xx 000 0 und d | ||
| 020 | _a8186985158 | ||
| 082 |
_a658.45 _bDWI |
||
| 100 | _aS.C.Kuchhal | ||
| 245 | 0 | _aFinancial Management | |
| 250 | _a1ST | ||
| 260 |
_aNEW DELHI _bChaitnya _c1999 |
||
| 300 | _aXX;472 | ||
| 500 | _aQuantity Number: 15 | ||
| 650 | _aManagement | ||
| 942 | _cBK | ||
| 999 |
_c12848 _d12848 |
||